00825cam a22002414a 450000100060000000300100000600500170001600800410003302000180007403500140009204000240010604100080013008200260013810000320016424500510019626000450024730000340029250400510032665000550037794200120043299900170044495201220046137883(BD-RjUL)20211209052700.0050915s2005 enka b 001 0 eng  a9788126510566 a(BD-RjUL) aDLCc(BD-RjUL)beng aeng00a621.384222bMOW 20061 aMolisch, Andreas F.911737310aWireless communications /cAndreas F. Molisch. aIndia ;bWiley,cc2005. [reprinted 2006] axlvi, 622 p. :bill. ;c24cm. aIncludes bibliographical references and index. 0aWireless communication systemsvTextbooks.9117374 2ddccBK c37883d37883 00102ddc4071aICEbICEcSeminar Libraryd2015-08-06l0o621.384 MOW 2005r2015-08-06 00:00:00tC-1w2021-12-09yBK